000
00326nam a2200145Ia 4500
008
230312s9999||||xx |||||||||||||| ||und||
082
_a
658.0072
_b
SEK-R
100
_a
Sekaran
245
0
_a
Research Methods for Business
260
_c
2003
300
_a
450
546
_a
Eng.
650
_a
Accounting
_v
Sampling
942
_c
BK
999
_c
1068
_d
1068